000 00689nam a2200277Ia 4500
005 20260121124825.0
008 008 260114s9999 xx 000 0 eng d
020 _a9780857454850
037 _aEBOOK
040 _aCRL
040 _beng
040 _cCRL
041 _2eng
041 _aeng
084 _qCRL
100 _aGhosh, Ranjan
_9982586
245 2 _aA Lovers Quarrel with the Past: Romance, Representation, Reading
260 _bWalter de Gruyter
260 _bWalter de Gruyter
260 _c2012
650 _aHistory
_9982587
856 _uhttp://www.degruyter.com/isbn/9780857454850
942 _cEBOOK
999 _c1557394
_d1557394